Statistics for AJR songs (2015-2023)

Click here to take the quiz!

General Stats

  • This quiz has been taken 94 times
  • The average score is 44 of 67

Answer Stats

Song% Correct
Bang!
92%
World's Smallest Violin
88%
Turning Out
86%
God Is Really Real
84%
Burn The House Down
82%
Overture
82%
Overture
82%
The DJ Is Crying For Help
82%
Way Less Sad
82%
Birthday Party
80%
OK Overture
80%
100 Bad Days
78%
Yes I'm A Mess
78%
Dear Winter,
76%
Finale (Can't Wait To See What You Do Next)
76%
I Won't
76%
3 O'Clock Things
71%
Inertia
71%
Maybe Man
71%
The Good Part
71%
Turning Out, Pt. II
71%
Weak
71%
2085
69%
Adventure Is Out There
69%
Humpty Dumpty
69%
I'm Ready
69%
Joe
69%
My Play
69%
Netflix Trip
69%
Next Up Forever
69%
Sober Up (feat. Rivers Cuomo)
69%
The Dumb Song
69%
Beats
67%
Bummerland
67%
Karma
65%
Ordinaryish People (feat. Blue Man Group)
65%
Turning Out, Pt. III
65%
Christmas In June
63%
Come Hang Out
63%
Don't Throw Out My Legos
63%
No Grass Today
63%
Touchy Feely Fool
63%
Drama
61%
Three-Thirty
61%
Role Models
59%
Steve's Going To London
59%
Break My Face
57%
Hole In The Bottom Of My Brain
55%
I'm Not Famous
55%
Infinity
55%
Normal
55%
Pitchfork Kids
55%
Pretender
55%
The Trick
55%
Thirsty
55%
Big Idea
53%
Bud Like You
53%
Call My Dad
53%
Growing Old On Bleecker Street
53%
Woody Allen
53%
Wow, I'm Not Crazy
53%
Big White Bed
47%
The Entertainment's Here
47%
The Green And The Town
47%
The World Is A Marble Heart
47%
My Calling
37%
Livin' On Love
35%

Score Distribution

Percentile by Number Answered

Percent of People with Each Score

Your Score History

You have not taken this quiz